000 00495nam a2200205Ia 4500
003 GCL
008 140319s9999 xx 000 0 eng d
040 _aGCL /
_cGCL
082 0 4 _aCH
_b843
_bL A
100 1 _aBOTTET, BEATRICE
245 1 0 _aL' APPEL DE LA FORET /
_cBOTTET, BEATRICE
700 1 _aLONDON, JACK
260 _a[S.N] :
_bHEMMA
300 _a154 P
650 0 4 _aLITERATURE
650 0 4 _aFICTION
650 0 4 _aFRENCH FICTION
650 0 4 _aFRENCH LITERATURE
942 _2ddc
_cBK
999 _c14567
_d14567